000
00327 a2200109 4500
001
ART_2488
005
20260410161726.0
008
260409a
245
1
0
_a
Análisis de la función de personal
100
1
_a
Maristany, Jaime
773
0
_t
Administración de empresas
_g
- Año 4, Nº 47 (feb. 1974)
_w
REV2036
999
_c
17443
_d
17443